02484nam a22002657a 4500008004100000020001800041040000800059041000800067050002200075100004300097245010900140260004500249300006700294520148100361650003301842650003701875650003201912650004501944650004301989655003402032700003402066942000802100952009502108999001502203251120b |||||||| |||| 00| 0 eng d a9781526615169 cTBS aeng aHQ1061 bA53 2020 aScott, Andrew J.d1965-926564eauthor aThe new long life b: a framework for flourishing in a changing worldc/ Andrew J. Scott, Lynda Gratton. aDublin :bBloomsbury Publishing, c2020. a243 pages :billustrations, charts (black and white) ;c20 cm. aA practical guide to how we can positively adapt to a changing world, from the internationally bestselling authors of The 100-Year Life. "Wonderful . . . This thought-provoking book is a must-read." Daron Acemoglu, New York Times bestselling co-author of Why Nations Fail Smart new technologies. Longer, healthier lives. Human progress has risen to great heights, but at the same time it has prompted anxiety about where we're heading. Are our jobs under threat? If we live to 100, will we ever really stop working? And how will this change the way we love, manage and learn from others? One thing is clear: advances in technology have not been matched by the necessary innovation to our social structures. In our era of unprecedented change, we haven't yet discovered new ways of living. Drawing from the fields of economics and psychology, Andrew J. Scott and Lynda Gratton offer a simple framework based on three fundamental principles (Narrate, Explore and Relate) to give you the tools to navigate the challenges ahead. Both a personal road-map and a primer for governments, corporations and colleges, The New Long Life is the essential guide to a longer, smarter, happier life. "This thoughtful book explores how we can reimagine our days and our societies to make our lives better – not just longer." Adam Grant, New York Times bestselling author of Originals and Give and Take "Stimulating, insightful and inspirational."' Linda Yueh, author of The Great Economists. 0aAgingxSocial aspects926565 0aLongevityxSocial aspects926566 0aRetirementxPlanning926567 0aOlder peoplexEconomic conditions926568 0aOlder peoplexSocial conditions926569 0aSelf-help publications923836 aGratton, Lynda926570eauthor 2lcc 00102lcc4070aTBSbTBSd2025-11-20l0oHQ1061 SCOpB05618r2025-11-20t1w2025-11-20y1 c5195d5195